La démocratie devant la science (Record no. 178974)

MARC details
000 -LEADER
campo de control de longitud fija 00726nam a2200193 i 4500
001 - NÚMERO DE CONTROL
campo de control 178974
003 - IDENTIFICADOR DE NÚMERO DE CONTROL
campo de control ES-MaACL
005 - FECHA Y HORA DE LA ÚLTIMA TRANSACCIÓN
campo de control 20250728043249.0
008 - DATOS DE LONGITUD FIJA--INFORMACIÓN GENERAL
campo de control de longitud fija 110816s1904 fr |||| | fre d
100 1# - ENTRADA PRINCIPAL--NOMBRE DE PERSONA
Nombre de persona Bouglé, Célestin (
Fechas asociadas al nombre 1870-1940)
9 (RLIN) 30876
245 13 - MENCIÓN DEL TÍTULO
Título La démocratie devant la science
Resto del título : études critiques sur l'hérédité, la concurrence et la différenciation /
Mención de responsabilidad, etc. par C. Bouglé.
260 ## - PUBLICACIÓN, DISTRIBUCIÓN, ETC.
Lugar de publicación, distribución, etc. Paris :
Nombre del editor, distribuidor, etc. Félix Alcan,
Fecha de publicación, distribución, etc. 1904.
300 ## - DESCRIPCIÓN FÍSICA
Extensión 312 p. ;
Dimensiones 22 cm.
490 1# - MENCIÓN DE SERIE
Mención de serie Bibliothèque générale des sciences sociales ;
Designación de volumen o secuencia 21
650 #7 - PUNTO DE ACCESO ADICIONAL DE MATERIA--TÉRMINO DE MATERIA
Término de materia o nombre geográfico como elemento de entrada Democracia
Fuente del encabezamiento o término embne
9 (RLIN) 11574
830 00 - PUNTO DE ACCESO ADICIONAL DE SERIE-TÍTULO UNIFORME
Título uniforme Bibliothèque générale des sciences sociales
Designación de volumen o secuencia 21
9 (RLIN) 187778
852 ## - LOCALIZACIÓN
Ubicación ES-MaACL
Número de control de estantería C-23101
Holdings
Estatus retirado Estado de pérdida Estado de daño No para préstamo Biblioteca de origen Biblioteca actual Ubicación en estantería Fecha de adquisición Fuente de adquisición Total de préstamos Signatura topográfica completa Código de barras Visto por última vez Precio de reemplazo Tipo de ítem Koha
        Biblioteca del Ateneo de Madrid Biblioteca del Ateneo de Madrid Depósito 2 16/08/2011     C-23101 1188001 23/02/2023 23/02/2023 Libro impreso